Four comedies

محفوظ في:
التفاصيل البيبلوغرافية
المؤلف الرئيسي: Shakespeare, William (مؤلف)
التنسيق: كتاب
اللغة:الإنجليزية
منشور في: Toronto Bantam Books 1988
سلاسل:A Bantam Classic
الموضوعات:
الوسوم: إضافة وسم
لا توجد وسوم, كن أول من يضع وسما على هذه التسجيلة!

MARC

LEADER 00000nam a2200000 a 4500
001 UCX4677
003 CL-VaPUC
005 20240906093949.0
008 920703e19880000CN |||||||||||||||||eng|d
999 |c 225088  |d 225086 
040 |c Pontificia Universidad Católica de Valparaíso 
082 0 4 |a 822  |b SHA  |2 21 
100 |a Shakespeare, William  |e author  |9 265757 
245 1 0 |a Four comedies 
260 |a Toronto  |b Bantam Books  |c 1988 
300 |a 560 p 
490 0 |a A Bantam Classic 
583 |a last modification  |c 19920703 00:00:00  |k Rodrigo Vera 
650 0 |a Dramas ingleses  |9 269396 
942 |c BK  |2 ddc 
945 |d 19920703 00:00:00 
952 |0 0  |1 0  |4 0  |6 822_000000000000000_SHA_1988  |7 0  |8 R  |9 222267  |a BIBEDU  |b BIBEDU  |c MCIRC  |d 2019-11-15  |i 2911132  |l 4  |o 822 SHA 1988  |p 2911132  |r 2024-09-04  |s 2024-09-04  |w 2019-11-15  |y BK_R  |k LIT